Detroit Lions 2023-2024 Roster - Statistics

General Stats
  • This quiz has been taken 326 times
  • The average score is 29 of 55
Answer Stats
Hint Answer % Correct
QB #16 Jared Goff
100%
WR #14 Amon-Ra St, Brown
95%
RB #26 Jahmyr Gibbs
95%
RB #5 David Montgomery
94%
TE #87 Sam Laporta
88%
DE #97 Aidan Hutchinson
86%
WR #9 Jameson Williams
85%
WR #8 Josh Reynolds
82%
RB #13 Craig Reynolds
81%
C #77 Frank Ragnow
78%
RT #58 Penei Sewell
77%
QB #12 Hendon Hooker
72%
QB #10 Teddy Bridgewater
72%
TE #89 Brock Wright
71%
LT #68 Taylor Decker
69%
LB #34 Alex Anzalone
68%
CB #1 Cam Sutton
66%
WR #11 Kalif Raymond
65%
CB #32 Brian Branch
63%
LB #46 Jack Campbell
62%
P #3 Jack Fox
62%
DT #94 Benito Jones
61%
S #31 Kerby Joseph
60%
WR #19 Donovan Peoples-Jones
56%
RG #60 Graham Glasgow
56%
DT #54 Alim McNeil
55%
LG #73 Jonah Jackson
53%
S #2 C. J. Gardner- Johnson
52%
LT #70 Dan Skipper
50%
K #17 Michael Badgley
50%
FB #45 Jason Cabinda
48%
LB #44 Malcolm Rodriguez
46%
LB #55 Derrick Barnes
44%
S #6 Ifeatu Melifonwu
44%
DE #79 John Cominsky
44%
WR #80 Antoine Green
43%
CB #29 Kindle Vildor
43%
DE #59 James Houston
39%
TE #82 James Mitchell
39%
DE #99 Julian Okwara
36%
DE #95 Romeo Okwara
36%
CB #23 Jerry Jacobs
35%
S #21 Tracy Walker
35%
LB #42 Jalen Reeves-Maybin
32%
DE #93 Josh Paschal
32%
DE #53 Charles Harris
27%
CB #25 Will Harris
27%
RG #75 Colby Sorsdal
25%
DT #98 Brodric Martin
23%
CB #30 Khalil Dorsey
21%
TE #86 Anthony Firkser
17%
LB #57 Anthony Pittman
16%
DT #91 Levi Onwuzurike
16%
CB #27 Chase Lucas
15%
LS #43 Jake McQuaide
13%
No matching quizzes found
Score Distribution
Percent of People with Each Score
Percentile by Number Answered
Your Score History
You have not taken this quiz